000 00345nam a22001457a 4500
008 230508b ||||| |||| 00| 0 eng d
020 _a9780684805603
041 _aeng
080 _2VOLUME 1
_a94
082 _a94WIL
100 _a28
101 _aHISTORI
245 _aAMERICAN CULTURAL&INTELLECTUAL HISTORY
_cWILLIAMS.W.P
942 _2udc
_cBK
999 _c59655
_d59655